Statistics for Easiest languages to learn

Click here to take the quiz!

General Stats

  • This quiz has been taken 34 times
  • The average score is 9 of 15

Answer Stats

HintAnswer% Correct
7French
97%
6Italian
94%
2Dutch
90%
11German
90%
4Spanish
90%
3Norwegian
81%
8Swedish
74%
10Danish
71%
9Romanian
48%
12Indonesian
29%
1Frisian
23%
15Filipino
19%
5Portugese
19%
14Swahili
16%
13Malay
13%

Score Distribution

Percentile by Number Answered

Percent of People with Each Score

Your Score History

You have not taken this quiz